Campioni della Coppa Mitropa - Statistics

Statistiche generali
  • Questo quiz è stato fatto 80 volte
  • Il punteggio medio è 8 su 51
Statistiche sulle risposte
anno Winner % Corretto
Neopromosse 1982 Milan
85%
Periodo Post-Bellico 1966 Fiorentina
64%
Periodo Classico 1932 Bologna
51%
Periodo Classico 1934 Bologna
51%
Periodo Post-Bellico 1961 Bologna
51%
Neopromosse 1991 Torino
51%
Neopromosse 1990 Bari
34%
Neopromosse 1980 Udinese
32%
Periodo Classico 1928 Ferencvaros
28%
Periodo Classico 1937 Ferencvaros
28%
Neopromosse 1987 Ascoli
26%
Periodo Post-Bellico 1959 Honvéd
26%
Neopromosse 1986 Pisa
23%
Neopromosse 1988 Pisa
23%
Periodo Post-Bellico 1963 MTK Budapest
19%
Periodo Classico 1929 Ujpest
19%
Periodo Classico 1939 Ujpest
19%
Periodo Classico 1931 First Vienna
9%
Periodo Classico 1938 Slavia Praha
9%
Periodo Classico 1927 Sparta Praha
9%
Periodo Classico 1935 Sparta Praha
9%
Periodo Post-Bellico 1964 Sparta Praha
9%
Periodo Post-Bellico 1960 Ungheria
9%
Periodo Classico 1933 Austria Wien
6%
Periodo Classico 1936 Austria Wien
6%
Periodo Post-Bellico 1971 Čelik Zenica
6%
Periodo Post-Bellico 1972 Čelik Zenica
6%
Periodo Post-Bellico 1969 Inter Bratislava
6%
Periodo Classico 1930 Rapid Wien
6%
Periodo Post-Bellico 1951 Rapid Wien
6%
Periodo Post-Bellico 1967 Spartak Trnava
6%
Periodo Post-Bellico 1977 Vojvodina
6%
Periodo Post-Bellico 1975 Wacker Innsbruck
6%
Periodo Post-Bellico 1976 Wacker Innsbruck
6%
Periodo Post-Bellico 1978 Partizan Belgrade
4%
Periodo Post-Bellico 1958 Red Star Belgrade
4%
Periodo Post-Bellico 1968 Red Star Belgrade
4%
Neopromosse 1989 Baník Ostrava
2%
Neopromosse 1992 Borac Banja Luka
2%
Periodo Post-Bellico 1973 Tatabánya
2%
Periodo Post-Bellico 1974 Tatabánya
2%
Periodo Post-Bellico 1956 Vasas Budapest
2%
Periodo Post-Bellico 1957 Vasas Budapest
2%
Periodo Post-Bellico 1962 Vasas Budapest
2%
Periodo Post-Bellico 1965 Vasas Budapest
2%
Periodo Post-Bellico 1970 Vasas Budapest
2%
Neopromosse 1983 Vasas Budapest
2%
Periodo Post-Bellico 1955 Vörös Lobogó
2%
Neopromosse 1984 Eisenstadt
0%
Neopromosse 1985 Iskra Bugojno
0%
Neopromosse 1981 Tatran Prešov
0%
Nessun quiz corrispondente trovato
Distribuzione punteggi
Percentuale di utenti per punteggio
Percentile per numero di risposta
I tuoi punteggi nel tempo
Non hai fatto questo quiz